Estadística d'arxius de Catalunya : 2000 2000
Descripción Física:
21 p. ; 30 cm
Materias:
Arxius -- Catalunya -- Estadístiques
MARC
| LEADER | 00000nam a2200000Ia 4500 | ||
|---|---|---|---|
| 001 | 15247 | ||
| 008 | 160829s2003 xx 000 0 cat d | ||
| 080 | |a FU-36-28 | ||
| 245 | |a Estadística d'arxius de Catalunya : |b 2000 | ||
| 260 | |a Barcelona : |b Generalitat de Catalunya, Departament de Cultura, |c 2003 | ||
| 300 | |a 21 p. ; |c 30 cm | ||
| 650 | |a Arxius |x Catalunya |x Estadístiques |9 22023 | ||
| 710 | 2 | |a Catalunya. |b Departament de Cultura |9 52819 | |
| 901 | |a Arxiu | ||
| 942 | |n 1 | ||
| 952 | |0 0 |1 0 |4 0 |6 FU3628 |7 1 |9 48764 |a Arxiu |b Arxiu |d 2016-12-01 |l 0 |o FU-36-28 |p 15247 |r 2016-12-01 00:00:00 |w 2016-12-01 |y ARXIU | ||
| 999 | |c 52595 |d 52595 | ||